Municipalities of Hainan Province - Statistics

General Stats
  • This quiz has been taken 108 times
  • The average score is 10 of 19
Answers on the Map
Answers color-coded by a green-red scale on the quiz's map according to % correct below.
 
Answer Stats
Answer % Correct
Haikou 海口
87%
Sanya 三亚
87%
Sansha 三沙
71%
Danzhou 儋州
68%
Wenchang 文昌
58%
Wanning 万宁
55%
Wuzhishan 五指山
55%
Qionghai 琼海
52%
Dongfang 东方
48%
Qiongzhong Li and Miao 琼中黎族苗族
48%
Baisha Li 白沙黎族
45%
Chengmai 澄迈
45%
Baoting Li and Miao 保亭黎族苗族
42%
Changjiang Li 昌江黎族
42%
Lingao 临高
42%
Tunchang 屯昌
39%
Ding'an 定安
35%
Ledong Li 乐东黎族
35%
Lingshui Li 陵水黎族
35%
No matching quizzes found
Score Distribution
Percent of People with Each Score
Percentile by Number Answered
Your Score History
You have not taken this quiz